NLSUI OPAC header image

Revolution from above : (Record no. 36192)

MARC details
000 -LEADER
fixed length control field 01298cam a2200421 i 4500
001 - CONTROL NUMBER
control field 17901919
003 - CONTROL NUMBER IDENTIFIER
control field OSt
005 - DATE AND TIME OF LATEST TRANSACTION
control field 20251017130358.0
007 - PHYSICAL DESCRIPTION FIXED FIELD--GENERAL INFORMATION
fixed length control field ta
008 - FIXED-LENGTH DATA ELEMENTS--GENERAL INFORMATION
fixed length control field 130731s2013 ii b 001 0 eng d
010 ## - LIBRARY OF CONGRESS CONTROL NUMBER
LC control number 2013334315
016 7# - NATIONAL BIBLIOGRAPHIC AGENCY CONTROL NUMBER
Record control number 016479811
Source Uk
020 ## - INTERNATIONAL STANDARD BOOK NUMBER
International Standard Book Number 9788129124609
020 ## - INTERNATIONAL STANDARD BOOK NUMBER
International Standard Book Number 8129124602
025 ## - OVERSEAS ACQUISITION NUMBER
Overseas acquisition number I-E-2013-334315; 69-91; 63-91
035 ## - SYSTEM CONTROL NUMBER
System control number 17901919
035 ## - SYSTEM CONTROL NUMBER
System control number (OCoLC)855958914
037 ## - SOURCE OF ACQUISITION
Stock number Library of Congress -- New Delhi Overseas Office
040 ## - CATALOGING SOURCE
Original cataloging agency DKAGE
Language of cataloging eng
Description conventions rda
Transcribing agency DKAGE
Modifying agency UKMGB
-- DLC
042 ## - AUTHENTICATION CODE
Authentication code lccopycat
-- lcode
043 ## - GEOGRAPHIC AREA CODE
Geographic area code a-ii---
082 04 - DEWEY DECIMAL CLASSIFICATION NUMBER
Classification number 320.954 GUP
100 1# - MAIN ENTRY--PERSONAL NAME
Personal name Gupta, Dipankar,
Dates associated with a name 1949-
Relator term author.
245 10 - TITLE STATEMENT
Title Revolution from above :
Remainder of title India's future and the citizen elite /
Statement of responsibility, etc. Dipankar Gupta.
264 #1 - PRODUCTION, PUBLICATION, DISTRIBUTION, MANUFACTURE, AND COPYRIGHT NOTICE
Place of production, publication, distribution, manufacture New Delhi :
Name of producer, publisher, distributor, manufacturer Rainlight,
Date of production, publication, distribution, manufacture, or copyright notice 2013.
300 ## - PHYSICAL DESCRIPTION
Extent xiii, 225 pages ;
Dimensions 23 cm
336 ## - CONTENT TYPE
Content type term text
Source rdacontent
337 ## - MEDIA TYPE
Media type term unmediated
Source rdamedia
338 ## - CARRIER TYPE
Carrier type term volume
Source rdacarrier
504 ## - BIBLIOGRAPHY, ETC. NOTE
Bibliography, etc. note Includes bibliographical references (pages 210-218) and index.
650 #0 - SUBJECT ADDED ENTRY--TOPICAL TERM
Topical term or geographic name entry element Democracy
Geographic subdivision India.
650 #0 - SUBJECT ADDED ENTRY--TOPICAL TERM
Topical term or geographic name entry element Democracy.
650 #0 - SUBJECT ADDED ENTRY--TOPICAL TERM
Topical term or geographic name entry element Elite (Social sciences)
Geographic subdivision India.
650 #0 - SUBJECT ADDED ENTRY--TOPICAL TERM
Topical term or geographic name entry element Elite (Social sciences)
906 ## - LOCAL DATA ELEMENT F, LDF (RLIN)
a 7
b cbc
c copycat
d 3
e ncip
f 20
g y-gencatlg
942 ## - ADDED ENTRY ELEMENTS (KOHA)
Source of classification or shelving scheme Dewey Decimal Classification
Koha item type BOOKs
Holdings
Withdrawn status Lost status Source of classification or shelving scheme Damaged status Not for loan Home library Current library Shelving location Date acquired Cost, normal purchase price Total Checkouts Full call number Barcode Date last seen Price effective from Koha item type Materials specified (bound volume or other part) Source of acquisition Public note
    Dewey Decimal Classification     . .   30.05.2017 495.00   320.954 GUP 31300 30.05.2017 30.05.2017 BOOKs      
    Dewey Decimal Classification     . . General Stacks 26.08.2019 495.00   320.954 GUP-2 37644 17.10.2025 26.08.2019 BOOKs HB Gratis Donated By Vice Chancellor's Office, NLSIU